000 00386nam a2200121Ia 4500
008 170221s9999 xx 000 0 und d
245 _aIncentive Schemes in Improving Conjoint Analysis
260 _bInternational Journal of Management and Marketing Reseach
260 _c2012
300 _a7 : 1
650 _xMarketing.
856 _uhttp://www.theibfr.com/ARCHIVE/IJMMR-V9N2-2016.pdf
999 _c313996
_d313996